00892nam a2200241Ia 4500001000600000003000900006008004100015040001300056040001300069041001300082100002000095100002900115245001400144245001400158250001100172260000900183260003900192260004900231300005700280500025400337650002800591650003100619H9501IT-RoPAU130308s9999 xx 000 0 und d aIT-RoPAU cIT-RoPAU aITALIANO aFiocco Giuseppe gCodice Aut. SPICS: 6625 aGiorgione bGiorgione a2a ed. a BER bIstituto Italiano D'Arti Grafiche  c1948 [1° Ed.:1941 - Ed.Ling.Originale:1941] a"202 p. (prefazione: no ; testo: 202 [pagine: 0-0])" aPrrefazione. Preludio. Fonti. Affreschi in Casa Pellizzari. Natività Allandale Kress. Idillio. Madonna di Castelfranco. tre Filosofi. Fondaco dei Tedeschi. Tempesta. concerto Campestre. Epilogo. Bibliografia. 150 tavole in rotocalco e 2 Tricromie. aAUTORI/OPERE DI PITTURA eCodice materia Spics: 5207